000 00948nam a2200277Ia 4500
003 GCL
008 140319s9999 xx 000 0 ara d
040 _aGCL /
_cGCL
082 0 4 _a658.401
_bت ا
100 1 _aابراهيم على البرلس
245 1 0 _aاستراتيجية الادارة العليا: ماهيتها وكيفية تشغيلها /
_cابراهيم على البرلس
700 1 _aتريجو، بنجامين . ب
260 _a[S.N] :
_bالدار الدولية للنشر والتوزيع ،
_c1988
490 _a
650 0 4 _aالادارة
650 0 4 _aالتسويق
650 0 4 _aتخطيط انتاج
650 0 4 _aادارة الانتاج
650 0 4 _aالتخطيط
650 0 4 _aالقيادة الادارية
650 0 4 _aالاستراتيجية
650 0 4 _aالاداريون
650 0 4 _aالادارة العليا
650 0 4 _aاتخاذ القرارات
942 _2ddc
_cBK
999 _c27792
_d27792